000 00263nam a2200121Ia 4500
005 20251222152554.0
008 251222s9999||||xx |||||||||||||| ||spa||
082 _a800/H16
100 _aHailey, Arthur
245 0 _aAeropuerto
264 _bPortada
942 _cLIB
999 _c26359
_d26359